News media in the Arab world : (Record no. 19797)
[ view plain ]
| 000 -LEADER | |
|---|---|
| fixed length control field | 02235cam a22003975a 4500 |
| 001 - CONTROL NUMBER | |
| control field | 17624207 |
| 005 - DATE AND TIME OF LATEST TRANSACTION | |
| control field | 20150812145059.0 |
| 008 - FIXED-LENGTH DATA ELEMENTS--GENERAL INFORMATION | |
| fixed length control field | 130213s2013 nyua frb 001 0 eng d |
| 020 ## - INTERNATIONAL STANDARD BOOK NUMBER | |
| International Standard Book Number | 9781441114075 (hardcover : alk. paper) |
| 020 ## - INTERNATIONAL STANDARD BOOK NUMBER | |
| International Standard Book Number | 9781441174666 (pbk. : alk. paper) |
| 020 ## - INTERNATIONAL STANDARD BOOK NUMBER | |
| Cancelled/invalid ISBN | 9781441102393 (e-PDF) |
| 020 ## - INTERNATIONAL STANDARD BOOK NUMBER | |
| Cancelled/invalid ISBN | 9781441144881 (e-Pub) |
| 040 ## - CATALOGING SOURCE | |
| Original cataloging agency | DLC |
| Language of cataloging | eng |
| Transcribing agency | DLC |
| Modifying agency | DLC |
| -- | EG-ScBUE |
| 043 ## - GEOGRAPHIC AREA CODE | |
| Geographic area code | ma----- |
| 050 00 - LIBRARY OF CONGRESS CALL NUMBER | |
| Classification number | PN5359 |
| Item number | .N49 2013 |
| 082 04 - DEWEY DECIMAL CLASSIFICATION NUMBER | |
| Classification number | 073.927 |
| Edition number | 22 |
| Item number | NEW |
| 245 00 - TITLE STATEMENT | |
| Title | News media in the Arab world : |
| Remainder of title | a study of 10 Arab and Muslim countries / |
| Statement of responsibility, etc | edited by Barrie Gunter and Roger Dickinson. |
| 260 ## - PUBLICATION, DISTRIBUTION, ETC. (IMPRINT) | |
| Place of publication, distribution, etc | New York ; |
| -- | London : |
| Name of publisher, distributor, etc | Bloomsbury Academic, |
| Date of publication, distribution, etc | 2013. |
| 300 ## - PHYSICAL DESCRIPTION | |
| Extent | viii, 199 p. : |
| Other physical details | tables ; |
| Dimensions | 23 cm. |
| 500 ## - GENERAL NOTE | |
| General note | Index : p. 189-199. |
| 504 ## - BIBLIOGRAPHY, ETC. NOTE | |
| Bibliography, etc | Includes bibliographical references. |
| 505 0# - FORMATTED CONTENTS NOTE | |
| Formatted contents note | The changing nature of news in the Arab world / Barrie Gunter and Roger Dickinson -- Evolving news systems in the Gulf countries / Khalid Aljaber and Barrie Gunter -- News in Iraq / Ahmed Al-Rawi and Barrie Gunter -- The development of the Palestinian news media / Zaki Nussibeh and Roger Dickinson -- News consumption and news agendas in Egypt / Hamza Mohammed and Barrie Gunter -- The changing news landscape of Libya / Mokhtar Elareshi and Julian Matthews -- News developments and changes to news consumption patterns in the Arab world / Khalid Al-Jaber and Barrie Gunter -- News media and political socialization of young people: The case of Bahrain / Ebrahim Al-Shaikh and Vincent Campbell -- What is the future for news in the Arab world? / Roger Dickinson and Barrie Gunter. |
| 650 #0 - SUBJECT ADDED ENTRY--TOPICAL TERM | |
| Topical term or geographic name as entry element | Journalism |
| Geographic subdivision | Arab countries. |
| Source of heading or term | BUEsh |
| 650 #0 - SUBJECT ADDED ENTRY--TOPICAL TERM | |
| Topical term or geographic name as entry element | Press |
| Geographic subdivision | Arab countries. |
| Source of heading or term | BUEsh |
| 650 #0 - SUBJECT ADDED ENTRY--TOPICAL TERM | |
| Topical term or geographic name as entry element | Television broadcasting of news |
| Geographic subdivision | Arab countries. |
| Source of heading or term | BUEsh |
| 650 #0 - SUBJECT ADDED ENTRY--TOPICAL TERM | |
| Topical term or geographic name as entry element | Broadcast journalism |
| Geographic subdivision | Arab countries. |
| Source of heading or term | BUEsh |
| 650 #0 - SUBJECT ADDED ENTRY--TOPICAL TERM | |
| Topical term or geographic name as entry element | Reporters and reporting |
| Geographic subdivision | Arab countries. |
| Source of heading or term | BUEsh |
| 650 #0 - SUBJECT ADDED ENTRY--TOPICAL TERM | |
| Topical term or geographic name as entry element | Journalism |
| General subdivision | Objectivity |
| Geographic subdivision | Arab countries. |
| Source of heading or term | BUEsh |
| 650 #0 - SUBJECT ADDED ENTRY--TOPICAL TERM | |
| Topical term or geographic name as entry element | Mass media |
| Geographic subdivision | Arab countries. |
| Source of heading or term | BUEsh |
| 651 ## - SUBJECT ADDED ENTRY--GEOGRAPHIC NAME | |
| Source of heading or term | BUEsh |
| 653 ## - INDEX TERM--UNCONTROLLED | |
| Resource For college | Communication and mass media |
| Arrived date list | June2015 |
| -- | August2015 |
| 655 ## - INDEX TERM--GENRE/FORM | |
| Form subdivision | |
| -- | 34232 |
| 700 1# - ADDED ENTRY--PERSONAL NAME | |
| Personal name | Gunter, Barrie |
| Relator term | editor. |
| 700 1# - ADDED ENTRY--PERSONAL NAME | |
| Personal name | Dickinson, Roger, |
| Dates associated with a name | 1956- |
| Relator term | editor. |
| 942 ## - ADDED ENTRY ELEMENTS (KOHA) | |
| Source of classification or shelving scheme | Dewey Decimal Classification |
| Withdrawn status | Lost status | Source of classification or shelving scheme | Damaged status | Not for loan | Koha collection | Home library | Current library | Shelving location | Date acquired | Source of acquisition | Cost, normal purchase price | Serial Enumeration / chronology | Total Checkouts | Total Renewals | Full call number | Barcode | Date last seen | Date last borrowed | Cost, replacement price | Koha item type |
|---|---|---|---|---|---|---|---|---|---|---|---|---|---|---|---|---|---|---|---|---|
| Dewey Decimal Classification | Alahram | Central Library | Central Library | Lower Floor | 22/06/2015 | 227.00 | 283.75 | 5 | 11 | 073.927 NEW | 000038714 | 15/07/2025 | 19/09/2021 | 313.00 | Book - Borrowing |